| 000 | 00597nam a22001697a 4500 | ||
|---|---|---|---|
| 005 | 20180823141506.0 | ||
| 020 |
_a1563089920 _c900.00 |
||
| 035 | _aB-168493, B-168496 | ||
| 037 |
_aDPL _bENG |
||
| 100 | _aHernon, Peter | ||
| 245 |
_aThe next library leadership : _bAttributes of academic and public library directors / _cby Peter Hernon, Ronald R. Powell and Arthur P. Young |
||
| 260 |
_aLondon _bLibraries Unlimited _c2003 |
||
| 300 |
_axiii, 192p. _c20 cms. |
||
| 700 |
_aPowell, Ronald R. _943063 |
||
| 700 |
_aYoung, Arthur P. _943064 |
||
| 942 |
_2ddc _cEN _h025.197092 _mHER |
||
| 999 |
_c63493 _d63493 |
||